| 000 | 00442nam a22001697a 4500 | ||
|---|---|---|---|
| 003 | SGT | ||
| 020 | _a9781498751773 | ||
| 082 |
_a616.7 _bA18B |
||
| 100 | _aBLOM, ASHLEY | ||
| 245 | _aAPLEY & SOLOMON'S SYSTEM OF ORTHOPAEDICS AND TRAUMA | ||
| 250 | _a10TH | ||
| 260 |
_aBOCA RATON _bCRC PRESS PUB _c2018 |
||
| 300 | _a1012 | ||
| 650 | _aORTHOPAEDICS | ||
| 653 | _aAPLEY & SOLOMON'S SYSTEM OF ORTHOPAEDICS AND TRAUMA | ||
| 942 |
_2ddc _cBK |
||
| 999 |
_c31028 _d31028 |
||